01357nam a2200265 a 450000100100000000500170001000800410002702000150006804000250008308200210010810000530012924500650018226000360024730000270028359000260031065000280033665000310036491000420039595201320043795201320056995201320070195201180083395201230095199900170107400001121520240412074224.0091015s2004 dr a r 000 p spa d a9993479314 aDO-SdBNPbspacBNPHU aRD861.44bR696po1 aRodríguez Polanco, Carlos Manueld1968-92046210aPoemas para la navidad /cCarlos Manuel Rodríguez Polanco. aSanto Domingo :bBúho,c2004. a77 p. :bil. ;c23 cm. aInventariado, 2018/BT 0aPoesía dominicana966 0aLiteratura dominicana.967 aValidado. Control de calidad. MMOLINA 001054708DSaGRbGRcHDd2009-10-15iLF1l0oRD861.44 R696pp11215-30r2020-06-25te.3w2020-06-25yLFDSZPréstamo en sala 001054708DSaGRbGRcHDd2009-10-15iLF1l0oRD861.44 R696pp11215-40r2020-06-25te.4w2020-06-25yLFDSZPréstamo en sala 001054708DSaGRbGRcHDd2011-02-07iLF1l0oRD861.44 R696pp11215-60r2020-06-25te.5w2020-06-25yLFDSZPréstamo en sala 0010718PDaPDbPDcHDd2009-10-15iLF1l0oRD861.44 R696pp11215-10r2020-06-25w2020-06-25yLFPDZNo se presta 0010718PDaPDbPDcHDd2009-10-15iLF1l0oRD861.44 R696pp11215-20r2020-06-25te.2w2020-06-25yLFPDZNo se presta c10934d10934